|
|
|
|
| LEADER |
00000nab a2200000 ar4500 |
| 001 |
vtls010506016 |
| 003 |
SK-MaSNL |
| 005 |
20260304234037.0 |
| 008 |
130424c2013 xo mr|p|||a |000 b|slo |
| 015 |
|
|
|a SNBRB2013/04
|
| 038 |
|
|
|a SPK
|
| 040 |
|
|
|a SPKCL
|b slo
|c AACR2
|e AACR2
|
| 041 |
0 |
|
|a slo
|b slo
|
| 044 |
|
|
|a xo
|c SK
|
| 072 |
|
7 |
|a 615.8
|x Fyzioterapia. Psychoterapia. Alternatívna medicína
|2 konspekt
|
| 072 |
|
7 |
|a 549
|x Mineralógia
|2 konspekt
|
| 072 |
|
7 |
|a 616
|x Patológia. Klinická medicína
|2 konspekt
|
| 080 |
|
|
|a 615.8
|2 2001
|
| 080 |
|
|
|a 549
|2 2001
|
| 080 |
|
|
|a 616.1/.9
|2 2001
|
| 100 |
1 |
|
|a Hricová, Monika,
|d 1986-
|4 aut
|9 236903
|
| 245 |
1 |
0 |
|a Alternatívna liečba
|b Harmónia tela pomocou Schüsslerových solí
|n 3)
|c Monika Hricová
|
| 300 |
|
|
|b Fotogr.
|
| 546 |
|
|
|a Res. slov.
|
| 600 |
1 |
7 |
|a Schüssler, Wilhelm Heinrich
|2 snkbucl
|9 1570353
|
| 650 |
0 |
7 |
|a alternatívna medicína
|2 snkbucl
|9 901
|
| 650 |
0 |
7 |
|a choroby
|2 snkbucl
|9 837
|
| 650 |
0 |
7 |
|a potravinové doplnky
|2 snkbucl
|9 68313
|
| 650 |
0 |
7 |
|a minerály
|2 snkbucl
|9 843
|
| 740 |
0 |
2 |
|a Harmónia tela pomocou Schüsslerových solí
|
| 773 |
0 |
|
|t Dieťa
|g Roč. XIX, č. 4 (2013), s. 43-44
|x 1335-0919
|
| 852 |
|
|
|a SPK
|b KIS3GCP
|
| 856 |
4 |
1 |
|a www.dieta.sk
|
| 958 |
|
|
|a ME
|2 snkbucl
|
| 999 |
|
|
|c 3201728
|d 3203658
|